| 000 | 00343nam a2200133Ia 4500 | ||
|---|---|---|---|
| 008 | 240624s9999 xx 000 0 und d | ||
| 041 | _aeng | ||
| 082 | _a381.141 HAR | ||
| 100 | _aHARE BILL | ||
| 245 | _aCELEBRATION OF FOOLS AN INSIDE LOOK AT T | ||
| 260 |
_c2004 _aNew York _bAMACOM |
||
| 300 | _aviii, : 294 : p. : cm. ; 23 | ||
| 365 |
_c _b28 |
||
| 999 |
_c22007 _d22007 |
||